[Event "US-ch Women 2019"]
[Site "Saint Louis"]
[Date "2019.03.24"]
[Round "5.1"]
[White "Wang, Annie"]
[Black "Yu, Jennifer"]
[Result "1/2-1/2"]
[WhiteElo "2304"]
[BlackElo "2273"]
[Annotator "TA"]
[PlyCount "97"]
[EventDate "2019.03.20"]
[EventType "swiss"]
[EventCountry "USA"]
[SourceTitle "playchess.com"]
[Source "ChessBase"]
[SourceQuality "1"]

{[%evp 28,97,16,18,50,43,52,37,88,8,21,0,56,44,48,0,27,27,27,23,52,51,61,50,50,25,25,25,25,0,16,16,27,4,25,25,25,25,27,27,27,18,20,15,16,18,22,15,15,8,25,25,32,32,32,32,32,32,32,32,32,32,32,32,32,32,32,29,52,52,52,52]} 1. d4 d5 2. c4 c6 3. Nc3 Nf6 4. Nf3 dxc4 5. a4 Bf5 6. Ne5 Nbd7 7. Nxc4 Qc7 8. g3 e5 9. dxe5 Nxe5 10. Bf4 Nfd7 11. Bg2 f6 12. O-O Rd8 13. Qc1 {D17: Slav Defence: 5 a4 Bf5: Lines with 6 Nh4 and 6 Ne5} Be6 14. Nxe5 Nxe5 15. Qe3 {LiveBook: 5 Games. The position is equal.} (15. Ne4 Bb4 16. Nc5 Bc8 17. Bxe5 Qxe5 18. Nd3 Qe7 19. Nxb4 Qxb4 20. Qe3+ Kf7 21. Qxa7 {½-½ (29) Basso,P (2529)-Brunello,S (2542) Salerno 2018}) 15... Qa5 16. Bxe5 $1 fxe5 17. Qg5 Qc7 $146 {[#]} ({Black should play} 17... h6 $14 18. Qg6+ Bf7) ({Predecessor:} 17... h6 18. Qg6+ Bf7 19. Qg4 {1-0 (45) Krueger,A (2061)-Schiefelbusch,D (2135) Dortmund 2010}) 18. Ne4 (18. Rad1 $1 $16) 18... Bb4 $11 19. Qh5+ Bf7 (19... g6 $11 20. Qf3 Bf5) 20. Qg4 $14 Bb3 $1 21. Qf5 Bf7 22. Rad1 {[#] And now Rxd8+ would win.} O-O 23. Ng5 {[%csl Gg5][%cal Rf5h7]} Bg6 24. Qg4 Qe7 25. h4 a5 26. Qc4+ Bf7 $1 {[%cal Rf7c4]} 27. Qc2 {[%csl Gg5][%cal Rc2h7]} g6 28. Bh3 Kg7 29. Nxf7 Qxf7 30. Rd3 Qf6 31. Rxd8 Rxd8 32. Rd1 Rxd1+ 33. Qxd1 Qd6 34. Qxd6 Bxd6 $11 {[%mdl 4096] Endgame KB-KB} 35. Bc8 b5 36. axb5 cxb5 37. Bd7 b4 38. Kg2 Kf6 39. Kf3 Ke7 40. Ba4 Bc5 41. e3 Ke6 42. Ke4 Be7 43. b3 Bd8 44. Bb5 h6 45. Bc4+ Kf6 46. Kd5 g5 47. h5 Bc7 48. Kc6 Bd8 49. g4 {Precision: White = 68%, Black = 59%.} 1/2-1/2

[Event "US-ch Women 2019"]
[Site "Saint Louis"]
[Date "2019.03.24"]
[Round "5.2"]
[White "Sharevich, Anna"]
[Black "Zatonskih, Anna"]
[Result "1/2-1/2"]
[WhiteElo "2282"]
[BlackElo "2430"]
[Annotator "TA"]
[PlyCount "88"]
[EventDate "2019.03.20"]
[EventType "swiss"]
[EventCountry "USA"]
[SourceTitle "playchess.com"]
[Source "ChessBase"]
[SourceQuality "1"]

{[%evp 17,88,11,11,11,6,8,9,0,5,7,7,0,70,38,61,64,104,99,120,118,114,0,6,-32,-29,-50,-19,-35,-17,-47,-43,-64,-72,-74,-24,-27,-18,-45,-39,-41,-41,-35,-19,-20,-19,-21,0,0,0,0,0,0,0,0,0,0,0,0,0,0,0,0,0,0,0,0,0,0,0,0,0,0,0]} 1. d4 d5 2. Nf3 Nf6 3. c4 e6 4. g3 dxc4 5. Bg2 a6 6. O-O b5 7. Ne5 Nd5 8. a4 Bb7 9. b3 c3 10. axb5 {E04: Open Catalan: 5 Nf3} axb5 11. Rxa8 Bxa8 12. e4 Nf6 {Black wants to play ...b4.} (12... b4 13. exd5 Bxd5 14. Be3 Be7 15. Qc2 Bxg2 16. Kxg2 Qd5+ 17. Kg1 Nd7 18. Nxc3 bxc3 19. Qxc3 {½-½ (31) Nikolov,M (2561)-Mastrovasilis,D (2602) Achaia 2017}) 13. Nxc3 b4 $1 {[%cal Rb4c3]} 14. Na4 Be7 (14... Bxe4 $11 15. Bxe4 Nxe4) 15. Qd3 $146 ({Predecessor:} 15. f3 Nc6 16. Nxc6 Bxc6 17. Be3 Bb5 {½-½ (57) Yigit,A (2032)-Kisadere,K (1809) Antalya 2019}) 15... O-O 16. Bb2 Nc6 {[%cal Bb8c6,Bc6a7,Ba7b5,Bb5c3][%mdl 32] [#] White must now prevent ...Nxe5.} 17. Nc4 Na7 18. Rd1 Qb8 19. e5 (19. d5 $16) 19... Nd5 $11 20. f4 g6 21. Nd2 Rd8 22. Ne4 Nb5 23. Rf1 Ndc3 24. Naxc3 bxc3 25. Bxc3 Bxe4 26. Bxe4 Qb6 27. Kh1 Nxc3 28. Qxc3 Rxd4 29. Bg2 h6 30. h4 {The position is equal.} Rb4 (30... h5 {feels hotter.} 31. Kh2 Rb4 32. Rb1 Bc5 33. Kh3 Kg7) 31. Rf3 Qc5 (31... Kg7 {is more complex.} 32. Qc2 h5 33. Rd3 Bc5 34. Bf3 Rd4) 32. Qxc5 Bxc5 {[%mdl 4096] Endgame KRB-KRB} 33. Bf1 Rd4 34. Rd3 Re4 35. Kg2 g5 36. hxg5 hxg5 37. Kf3 Re1 38. Rd8+ Kg7 39. Bc4 Bb6 40. Rd7 {[#] aiming for Bxe6.} Kf8 41. Kg4 gxf4 42. gxf4 Rg1+ 43. Kf3 Re1 44. Kg4 Rg1+ {Accuracy: White = 63%, Black = 69%.} 1/2-1/2

[Event "US-ch Women 2019"]
[Site "Saint Louis"]
[Date "2019.03.24"]
[Round "5.3"]
[White "Eswaran, Ashritha"]
[Black "Abrahamyan, Tatev"]
[Result "0-1"]
[WhiteElo "2234"]
[BlackElo "2377"]
[Annotator "TA"]
[PlyCount "82"]
[EventDate "2019.03.20"]
[EventType "swiss"]
[EventCountry "USA"]
[SourceTitle "playchess.com"]
[Source "ChessBase"]
[SourceQuality "1"]

{[%evp 17,82,47,50,10,14,13,17,14,19,10,0,-41,-28,-40,-20,-71,-45,-46,0,0,0,-66,-64,-151,-150,-142,-174,-172,-170,-246,-241,-387,-328,-334,-327,-330,-327,-334,-336,-413,-404,-449,-429,-536,-498,-708,-693,-798,-796,-773,-772,-774,-745,-863,-866,-956,-947,-929,-909,-1144,-1082,-6079,-6095,-29976,-29977,-29980,-29980]} 1. e4 e6 2. d4 d5 3. Nc3 Bb4 4. e5 b6 5. a3 Bxc3+ 6. bxc3 Qd7 7. Qg4 f5 8. Qg3 Ba6 9. Bxa6 Nxa6 10. Nh3 {C16: French: 3 Nc3 Bb4 4 e5: Lines without ...c5} (10. Ne2 Kf7 11. h4 Ne7 12. Bg5 c5 13. Qd3 Nb8 14. h5 Nbc6 15. Nf4 cxd4 16. cxd4 h6 17. Bh4 Rhf8 18. Rh3 {0-1 (52) Aryan,C (2536)-Antipov,M (2626) Biel 2018}) 10... h6 11. Nf4 g5 12. Ne2 {The position is equal.} Ne7 13. h4 O-O-O 14. Qd3 Nb8 15. a4 Nec6 16. Ng3 $146 (16. Qg3 $11 {remains equal.}) 16... f4 17. Nh5 Na5 (17... Qf7 $5 {[%cal Rf7h5]} 18. Nf6 Nd7 19. Nxd7 Qxd7 $15) 18. Nf6 Qf7 19. Qh3 (19. Ba3 $11) 19... Nc4 $15 20. hxg5 (20. a5 $15) 20... hxg5 $17 21. Qxh8 Rxh8 22. Rxh8+ Kb7 23. Rh6 (23. Bd2 $142) 23... Nd7 $19 24. Kf1 (24. f3 $142 Nxf6 25. exf6) 24... Nxf6 25. exf6 Nd6 26. a5 Nf5 27. Rh3 Qxf6 28. Rd3 Nd6 29. Bd2 Nc4 30. axb6 cxb6 31. f3 (31. Bc1 $142 g4 32. Kg1) 31... Nb2 32. Be1 Nxd3 33. cxd3 {[%mdl 4096] Endgame KQ-KRB} Qf5 34. Rd1 a5 {[%cal Ba7a5,Ba5a4][%mdl 32]} 35. Rd2 a4 36. Ke2 e5 37. Ra2 b5 38. Bf2 e4 39. dxe4 dxe4 40. Rb2 e3 41. Be1 a3 {Accuracy: White = 20%, Black = 85%.} 0-1

[Event "US-ch Women 2019"]
[Site "Saint Louis"]
[Date "2019.03.24"]
[Round "5.4"]
[White "Krush, Irina"]
[Black "Gorti, Akshita"]
[Result "1/2-1/2"]
[WhiteElo "2451"]
[BlackElo "2272"]
[Annotator "TA"]
[PlyCount "80"]
[EventDate "2019.03.20"]
[EventType "swiss"]
[EventCountry "USA"]
[SourceTitle "playchess.com"]
[Source "ChessBase"]
[SourceQuality "1"]

{[%evp 9,80,0,4,1,7,0,0,0,0,0,0,-19,0,0,14,0,16,-30,-23,-22,-12,-20,0,-10,-6,-8,0,-39,-28,-27,-27,-31,-29,-31,-20,-30,0,0,0,-23,-4,-26,-20,-20,-14,-31,0,0,0,-37,-49,-41,-11,-27,-21,-16,0,-20,-20,-18,-19,-30,-5,-8,0,-12,-12,-12,0,-12,0,-13,0]} 1. d4 e6 2. c4 Nf6 3. Nf3 d5 4. e3 Bb4+ 5. Bd2 Be7 6. Nc3 {D30: Queen's Gambit Declined: Systems without Nc3} O-O 7. Rc1 b6 8. cxd5 exd5 9. Bd3 Bb7 10. Ne5 c5 11. O-O Nbd7 12. f4 Ne4 13. Qc2 $146 {[%cal Rc3e4]} (13. Nxe4 {is more complex.} dxe4 14. Bb5 Nxe5 15. dxe5 a6 16. Be2) ({Predecessor:} 13. Be1 Ndf6 14. Bh4 cxd4 15. exd4 Rc8 16. Bxf6 Nxf6 17. Qe2 Bb4 18. Nb5 {0-1 (41) Bauer,C (2630)-Kryvoruchko,Y (2705) Switzerland 2018}) 13... Ndf6 14. dxc5 $1 Bxc5 15. Nxe4 $1 Nxe4 16. Bxe4 dxe4 17. b4 Bd6 18. Ng4 Qe7 19. Qb2 Rac8 20. Bc3 $1 {[%cal Rc3g7]} f6 21. a3 Rc7 (21... Qe6 {looks sharper.} 22. h3 Rc7 23. Rfd1 h6 24. Bd4 Rd7) 22. Bd4 Rxc1 23. Rxc1 Qe6 24. Nf2 Rc8 25. Rc2 Rxc2 26. Qxc2 Qd5 27. g3 h5 28. Qa4 Bc6 29. Qa6 Bb5 30. Qc8+ Kh7 {[#] And now ...Bc5! would win.} 31. Qc2 Bc6 32. Nd1 a5 33. Bxb6 axb4 34. axb4 Bxb4 {White should prevent ...Qd3.} 35. Bd4 Bd7 36. Nf2 {The position is equal.} Bc6 37. Qb1 Bd6 38. Qc2 Bb4 39. Qb1 Bd6 40. Qc2 Bb4 {Accuracy: White = 64%, Black = 34%.} 1/2-1/2

[Event "US-ch Women 2019"]
[Site "Saint Louis"]
[Date "2019.03.24"]
[Round "5.5"]
[White "Yip, Carissa"]
[Black "Feng, Maggie"]
[Result "1-0"]
[WhiteElo "2279"]
[BlackElo "2199"]
[Annotator "TA"]
[PlyCount "91"]
[EventDate "2019.03.20"]
[EventType "swiss"]
[EventCountry "USA"]
[SourceTitle "playchess.com"]
[Source "ChessBase"]
[SourceQuality "1"]

{[%evp 12,91,0,-22,20,29,0,0,19,30,12,-23,64,25,88,87,102,63,140,145,206,205,387,391,367,358,360,353,389,380,416,420,476,477,440,372,654,654,623,550,535,556,558,559,552,550,564,552,657,664,654,647,646,646,687,687,717,731,922,702,862,598,820,683,669,652,660,653,639,671,1034,1019,1152,1158,1111,1063,1158,1162,1156,1141,1048,1013]} 1. e4 e6 2. d4 d5 3. Nd2 Be7 4. e5 c5 5. Qg4 Kf8 6. Ndf3 {C03: French Tarrasch: Unusual Black 3rd moves} (6. dxc5 Nc6 7. Qg3 Nh6 8. Bd3 Bh4 9. Qh3 Nxe5 10. Ndf3 Nxd3+ 11. cxd3 Bf6 12. Bxh6 gxh6 13. Qxh6+ Ke7 {1-0 (27) Popov,I (2592)-Savchenko,B (2562) Moscow 2018}) 6... Nc6 7. Bd3 {LiveBook: 14 Games} h5 8. Qf4 {The position is equal.} Nh6 9. dxc5 Bxc5 10. Be3 $146 ({Predecessor:} 10. a3 Ng4 11. Nh3 f6 12. b4 Bb6 13. Bb2 Bc7 14. exf6 gxf6 {1-0 (33) Savchenko,V (2437)-Bluebaum,M (2329) Dortmund 2011}) 10... Be7 11. c3 Qc7 (11... Ng4 $11) 12. Ne2 Kg8 (12... Ng4 $11) 13. h3 $36 {[%mdl 2048] Keeping Black busy.} h4 14. Rg1 Kf8 (14... Nf5 $14) 15. g3 ({Don't go for} 15. Nxh4 $2 g5 $19) 15... g5 (15... Nf5 $16 {was called for.}) 16. Nxg5 $18 Qxe5 $2 (16... Bxg5 17. Qxg5 Qxe5) 17. Nh7+ Rxh7 18. Bxh7 Qxf4 19. Bxf4 Kg7 20. Bc2 f5 21. O-O-O Nf7 22. gxh4+ Kh7 23. Bg5 Nd6 $2 (23... Nxg5 24. hxg5 Bc5) 24. Bxe7 {White is clearly winning.} Nxe7 25. Rg5 {[#] Threatens to win with Rdg1.} Nf7 26. Rg3 Bd7 27. Nf4 Rg8 {[#]} 28. c4 $1 {[%cal Bc3c4,Bc4d5][%mdl 32]} Rxg3 (28... dxc4 29. Rxd7) 29. fxg3 {[%cal Bf2g3,Bg3g4][%mdl 32]} Nd6 30. cxd5 e5 31. Re1 e4 32. g4 Kg7 33. Nh5+ Kg6 34. Ng3 Nxd5 35. gxf5+ Bxf5 36. Nxe4 Nb5 37. Ng3 Bxc2 38. Kxc2 {[%mdl 4096] Endgame KRN-KNN} Nd4+ 39. Kd3 Nf3 40. h5+ {[%cal Bh4h5,Bh5h6][%mdl 32]} Kg5 41. Rc1 Kf4 42. Ne2+ Ke5 43. h6 Ng5 44. Rg1 Nh7 45. Rg7 Ndf6 46. Rxb7 {Precision: White = 82%, Black = 24%.} 1-0

[Event "US-ch Women 2019"]
[Site "Saint Louis"]
[Date "2019.03.24"]
[Round "5.6"]
[White "Nguyen, Emily"]
[Black "Foisor, Sabina-Francesca"]
[Result "1/2-1/2"]
[WhiteElo "2143"]
[BlackElo "2276"]
[Annotator "TA"]
[PlyCount "88"]
[EventDate "2019.03.20"]
[EventType "swiss"]
[EventCountry "USA"]
[SourceTitle "playchess.com"]
[Source "ChessBase"]
[SourceQuality "1"]

{[%evp 16,88,50,49,55,60,43,33,51,37,61,43,25,22,93,91,95,67,120,125,103,82,98,27,11,18,88,60,106,97,110,116,119,125,203,35,28,-12,0,0,44,51,66,0,0,0,0,0,0,0,0,0,0,0,0,0,0,0,8,8,8,0,0,0,0,-8,0,0,0,-8,-8,-8,-8,-28,-28]} 1. d4 d5 2. c4 dxc4 3. Nf3 Nf6 4. e3 Bg4 5. Bxc4 e6 6. Nc3 a6 7. h3 Bh5 8. g4 Bg6 9. Ne5 Bd6 {D22: Queen's Gambit Accepted: 3 Nf3 a6 4 e3} (9... Nbd7 10. Nxg6 hxg6 11. Qf3 c6 12. Bb3 Qb6 13. Bd2 Be7 14. O-O-O Nd5 15. Kb1 Rf8 16. Ne2 a5 17. e4 Nb4 18. a3 a4 19. Bc4 {1-0 (40) Vitiugov,N (2719)-Zubritskiy,A (2442) St Petersburg 2018}) 10. Nxg6 hxg6 11. Bf1 c6 {White is slightly better.} 12. Bg2 Nbd7 13. O-O Nd5 14. f4 Qc7 (14... f5 $11 {remains equal.}) 15. e4 $16 N5b6 16. Qe2 c5 $146 (16... O-O-O $14) ({Predecessor:} 16... O-O 17. Be3 c5 18. e5 Be7 19. Rac1 {1-0 (53) Prohaszka,P (2470)-Fodor,T (2422) Budapest 2007}) 17. e5 Be7 18. d5 exd5 19. Nxd5 (19. Bxd5 $16 Nxd5 20. Nxd5) 19... Nxd5 $11 20. Bxd5 {With the idea e6.} Nb6 (20... Rxh3 $11 {keeps the balance.} 21. e6 Nf6 22. exf7+ Kf8) 21. Bg2 $16 O-O-O {[#]} 22. Bd2 $1 Kb8 23. Ba5 c4 {aiming for ...Qc5+.} 24. Kh2 Qc5 (24... g5 $16) 25. Bd2 $2 (25. b4 $18 Qb5 26. Qf2) 25... Rd3 $14 26. Rae1 {[%cal Ba1e1,Be1e3,Be3f3][%mdl 32]} Nd5 $36 {[%mdl 2048] Black fights for an advantage.} 27. Rf3 Qd4 28. Rxd3 cxd3 29. Qe4 ({White should play} 29. Qf3 $1 $14 Rd8 30. Re3 Qxf4+ 31. Kh1) 29... Qf2 $11 {[#] ( -> ...Rxh3+!)} 30. Re3 Qxf4+ 31. Qxf4 Nxf4 32. Rf3 g5 33. Bxf4 gxf4 34. Rxd3 Rd8 35. Rxd8+ Bxd8 {[%mdl 4096] Endgame KB-KB} 36. Bd5 Bc7 37. Bxf7 Bxe5 38. b3 f3+ 39. Kg1 Bd4+ 40. Kf1 Kc7 41. Bd5 f2 42. a4 b5 43. axb5 axb5 44. h4 Kd6 {Accuracy: White = 62%, Black = 39%.} 1/2-1/2

[Event "US-ch Women 2019"]
[Site "Saint Louis"]
[Date "2019.03.25"]
[Round "6.1"]
[White "Feng, Maggie"]
[Black "Yu, Jennifer"]
[Result "0-1"]
[WhiteElo "2199"]
[BlackElo "2273"]
[Annotator "TA"]
[PlyCount "80"]
[EventDate "2019.03.20"]
[EventType "swiss"]
[EventCountry "USA"]
[SourceTitle "playchess.com"]
[Source "ChessBase"]
[SourceQuality "1"]

{[%evp 21,79,0,11,10,11,4,20,0,20,8,12,26,25,31,38,16,32,0,0,0,29,0,23,-6,0,0,29,-65,0,0,0,0,6,-113,-100,-132,-146,-337,0,0,0,4,83,79,103,75,109,89,140,145,167,138,192,-561,-567,-481,-472,-29997,-29998,-29999]} 1. Nf3 Nf6 2. g3 g6 3. Bg2 Bg7 4. d4 d5 5. c4 c6 6. cxd5 cxd5 7. Nc3 O-O 8. Ne5 Nc6 9. O-O Bf5 10. Nxc6 bxc6 11. Na4 Nd7 12. Bf4 {D79: Fianchetto Grünfeld: Symmetrical Variation (6 0-0 c6 7 cxd5 cxd5)} Qa5 13. b3 Rac8 14. Rc1 {The position is equal.} Rfe8 15. Bd2 {[#]} Qb5 $146 ({Predecessor:} 15... Qd8 16. Bb4 e5 17. dxe5 Nxe5 18. Bc5 Qa5 19. Re1 Bh6 {½-½ (127) Aronian,L (2801)-Mamedov,R (2647) Antalya 2013}) 16. Bc3 e5 17. dxe5 Nxe5 18. h3 Rcd8 19. Bb2 h5 20. Re1 a6 21. Rc5 Qb7 22. Qa1 {aiming for f4.} Qe7 23. Rd1 Kh7 24. e3 (24. Bd4 $11) 24... Bh8 (24... h4 $15 25. g4 Bd7) 25. Bxe5 $11 Bxe5 26. Qc1 Bd7 27. Nb6 {[#]} (27. Rc2 $11 {keeps the balance.}) 27... Bb2 $1 $17 {[%cal Rb2c1][%mdl 512]} 28. Qc2 (28. Qxb2 Qxc5) 28... Bf5 29. e4 $2 (29. Qxb2 $17 Qxc5 30. Na4) 29... dxe4 $2 ({Black should play} 29... Bxe4 $19 30. Bxe4 dxe4) 30. Rxd8 $11 Rxd8 31. Rxf5 $1 {And now Rf4 would win.} gxf5 (31... Bd4 $11 32. Rf4 (32. Qxe4 Qxe4 33. Rxf7+ Kg8 $17) 32... Bxb6 33. Rxe4 Qf6) 32. Qxb2 $16 h4 {[#] White must now prevent ...hxg3.} 33. Nc4 $1 Rd1+ 34. Kh2 Qg5 (34... Qc5 $142) 35. Qe5 {Hoping for Bxe4!} Rd5 36. Qc7 Kg7 {[#]} (36... hxg3+ $16 37. fxg3 Kg7) 37. Qxc6 $4 {[%mdl 8192]} (37. gxh4 $1 $18 Qxh4 38. Ne3) 37... hxg3+ $19 38. fxg3 f4 39. Qc7 (39. g4 $19 f3 40. Qc7) 39... Qxg3+ 40. Kg1 Rd1# {Accuracy: White = 36%, Black = 37%.} 0-1

[Event "US-ch Women 2019"]
[Site "Saint Louis"]
[Date "2019.03.25"]
[Round "6.2"]
[White "Zatonskih, Anna"]
[Black "Eswaran, Ashritha"]
[Result "1-0"]
[WhiteElo "2430"]
[BlackElo "2234"]
[Annotator "TA"]
[PlyCount "95"]
[EventDate "2019.03.20"]
[EventType "swiss"]
[EventCountry "USA"]
[SourceTitle "playchess.com"]
[Source "ChessBase"]
[SourceQuality "1"]

{[%evp 16,95,14,14,24,12,40,27,43,42,43,37,39,7,50,21,67,41,41,19,39,34,45,14,35,35,43,30,41,23,49,47,191,100,297,99,93,99,117,66,66,66,70,70,105,113,322,332,316,324,302,311,295,297,327,320,362,361,390,390,390,356,380,387,376,357,390,390,492,456,1291,1280,1229,1115,5281,890,890,890,890,890,29996,29997]} 1. d4 Nf6 2. Nf3 e6 3. Bg5 d5 4. e3 Be7 5. c4 O-O 6. Nc3 Nbd7 7. Qc2 c6 8. Rd1 h6 9. Bh4 Qc7 {D61: Queen's Gambit Declined: Classical: 7 Qc2} (9... a6 10. a3 b6 11. Be2 Bb7 12. O-O Qe8 13. Rfe1 dxc4 14. Bxc4 c5 15. d5 exd5 16. Nxd5 Bxd5 17. Bxd5 Nxd5 18. Rxd5 Bxh4 19. Nxh4 {0-1 (47) Salem,A (2638)-Kasimdzhanov,R (2683) Riadh 2017}) 10. Bd3 a6 $146 ({Predecessor:} 10... dxc4 11. Bxc4 b5 12. Bd3 a6 13. a4 Bb7 14. O-O Rac8 15. Qe2 Rfe8 16. Rc1 {1-0 (78) Sharavdorj,D (2452)-Erkhembayar,D (2236) Ulaanbaatar 2011}) 11. cxd5 exd5 {White has an edge.} 12. O-O Re8 13. Rb1 Bd6 14. Rfc1 Qd8 15. b4 Nf8 16. a4 Bg4 17. Nd2 Bd7 18. Nf1 Ne6 19. b5 Ng5 20. bxa6 bxa6 21. Bg3 $36 {[%mdl 2048] Black is under pressure.} Ba3 22. Rd1 Nh5 23. Be5 Bg4 {[#]} (23... a5 $14) 24. Ne2 (24. h4 $1 $18) 24... Qd7 $2 {[#]} (24... Bd7 $16 {might work better.}) 25. Nfg3 $2 (25. h4 $1 $18 {is the precise move to win.}) 25... Nxg3 $16 26. Bxg3 Bxe2 27. Qxe2 ({White should play} 27. Bxe2 $16 a5 28. Rb6) 27... a5 $14 28. Rb6 Ne4 {White should prevent ...Nc3.} 29. Qc2 Nxg3 30. hxg3 Re6 $2 (30... g6 $16) 31. Bf5 $18 Qc7 32. Rb3 {[%cal Bb6b3,Bb3e3,Be3e2][%mdl 32]} Bb4 33. Bxe6 fxe6 34. e4 Qd7 35. Rc1 Rc8 36. Re3 Qa7 37. exd5 exd5 38. Qd3 Qd7 39. Re2 Qg4 40. Rcc2 Qd7 41. Qg6 Kh8 42. Re6 c5 (42... Rf8 $142 43. Rexc6 Qf7) 43. Rce2 Rg8 44. Re7 Qxa4 45. Re8 (45. R2e6 $142 Bd2 46. dxc5) 45... cxd4 46. Rxg8+ Kxg8 47. Re8+ Bf8 48. Qe6+ {[%mdl 64] Double Attack. Accuracy: White = 57%, Black = 23%.} 1-0

[Event "US-ch Women 2019"]
[Site "Saint Louis"]
[Date "2019.03.25"]
[Round "6.3"]
[White "Abrahamyan, Tatev"]
[Black "Krush, Irina"]
[Result "1-0"]
[WhiteElo "2377"]
[BlackElo "2451"]
[Annotator "TA"]
[PlyCount "87"]
[EventDate "2019.03.20"]
[EventType "swiss"]
[EventCountry "USA"]
[SourceTitle "playchess.com"]
[Source "ChessBase"]
[SourceQuality "1"]

{[%evp 24,87,29,1,26,4,45,16,53,-55,0,0,0,0,4,13,15,0,21,18,20,0,30,8,14,-6,0,0,17,16,14,4,60,60,54,50,95,0,0,0,4,4,1,0,0,0,0,-7,0,-37,0,0,0,0,28,34,29983,29984,29984,29985,29985,29986,29986,29987,29988,4682]} 1. e4 c5 2. Nf3 Nc6 3. d4 cxd4 4. Nxd4 g6 5. Nc3 Bg7 6. Be3 Nf6 7. Bc4 O-O 8. Bb3 d6 9. f3 Bd7 10. h4 h5 11. Qd2 Na5 12. O-O-O Nxb3+ {B77: Sicilian Dragon: Yugoslav Attack, 9 Bc4 sidelines} (12... Rc8 13. Kb1 Re8 14. Bh6 Nc4 15. Bxc4 Rxc4 16. Bxg7 Kxg7 17. Nd5 e5 18. Nxf6 Qxf6 19. Ne2 Rc6 20. Qe3 Be6 {0-1 (36) Aravindh,C (2588)-Bu,X (2697) Chengdu 2017}) 13. cxb3 {LiveBook: 8 Games} a5 14. Bh6 a4 $146 {The position is equal.} ({Predecessor:} 14... Bxh6 15. Qxh6 a4 16. bxa4 Bxa4 17. e5 Ne8 18. Rd2 Qa5 19. e6 Rc8 20. Kb1 Ng7 21. Ne4 f6 22. Qxg6 Be8 23. Qh6 Nf5 24. Nxf5 Qxf5 25. Rh3 {1-0 (25) Perpinya Rofes,L (2368)-Rojas Keim,L (2458) Sabadell 2011}) 15. bxa4 Bxa4 16. Rdg1 ({White should try} 16. Bxg7 $14 Kxg7 17. e5) 16... Qa5 (16... Bxh6 $15 17. Qxh6 Qb6) 17. Bxg7 $11 Kxg7 18. g4 Rh8 19. gxh5 Rxh5 20. Rg5 Rxg5 21. hxg5 Nh5 22. f4 {[%cal Bf3f4,Bf4f5][%mdl 32]} Bd7 23. f5 Qe5 24. Re1 Rc8 25. Kb1 Rc4 26. Nf3 Qg3 27. Qd3 Rc5 (27... b5 $11) 28. b4 $14 Rc8 29. Nd5 Ba4 30. Nc3 ({Better is} 30. Qe3 $16) 30... Bc6 $11 {And now ...gxf5 would win.} 31. b5 {[#] Black must now prevent Ne2.} Bd7 32. Nd5 Bxb5 33. Qxb5 Qxf3 34. Nxe7 Rc5 35. Qb2+ Kh7 {Hoping for ...Qd3+.} 36. fxg6+ fxg6 {Strongly threatening ...Qd3+.} 37. Nd5 $36 {[%mdl 2048] White has some pressure.} Qd3+ 38. Ka1 {aiming for Qf2.} Rb5 39. Qf2 {Qf7+ is the strong threat.} Rc5 $2 {[%mdl 8192] [#]} (39... Rxd5 $14 40. Qf7+ (40. exd5 Qc3+ 41. Kb1 Qb4+ 42. Kc2 Qc4+ 43. Kb2 Qb4+ 44. Ka1 Qc3+ 45. Kb1 Qb4+ 46. Kc2 Qc4+ 47. Kb2 Qb4+ 48. Kc2 $14) 40... Kh8 41. Qe8+ Kh7 42. Qd7+ (42. exd5 Qd4+ 43. Kb1 Qd3+ 44. Kb2 Qd4+ 45. Kc2 Qc4+ 46. Kd2 Qxd5+ 47. Kc1 Qc4+ 48. Kb2 Qd4+ 49. Kb1 Qd3+ 50. Kb2 Qd4+ 51. Kc1 Qc5+ 52. Kb2 Qd4+ $11) 42... Kg8 43. Qd8+ Kf7 44. Qc7+ Kg8 45. Qb8+ Kg7 46. Qxb7+ Kf8 47. Qb8+ Kf7 48. Qc7+ Kf8 49. Qd8+ Kf7 50. Qd7+ Kg8 51. Qe8+ Kh7 52. exd5 (52. Qf7+ Kh8 $11) 52... Qd4+ 53. Kb1 Qb4+ 54. Kc1 Qc5+ 55. Kd1 Qxd5+ 56. Kc1 Qc4+ 57. Kd2 Qb4+ 58. Kd3 Nf4+ 59. Kc2 Qc4+ 60. Kd2 (60. Kb1 Qd3+ 61. Kb2 Qd4+ 62. Ka3 Qd3+ 63. Kb2 Qd4+ 64. Ka3 Qc5+ 65. Kb3 Qb6+ 66. Kc2 Qf2+ 67. Kb3 Qb6+ 68. Kc2 Qc5+ 69. Kb3 Qb6+ $11) 60... Qd5+ 61. Kc2 Qc4+ 62. Kd1 (62. Kb1 Qd3+ 63. Ka1 Qc3+ 64. Kb1 Qd3+ 65. Ka1 Qc3+ 66. Kb1 Qd3+ $11) 62... Qd5+ 63. Kc2 Qc4+) 40. Qf7+ {White mates.} Kh8 41. Qf8+ Kh7 42. Qh6+ Kg8 43. Qxg6+ Ng7 44. Qf6 {Precision: White = 45%, Black = 36%.} (44. Ne7+ $142 Kf8 45. Qf6+ Ke8 46. Nd5 Qc3+ 47. Nxc3 Kd7 48. Nd5 Ne6 49. Qe7+ Kc8 50. Qxe6+ Kb8 51. Qxd6+ Ka7 52. Qxc5+ Ka8 53. Qc7 Ka7 54. Rb1 Ka8 55. Qxb7#) 1-0